Pilgern gestern und heute: soziologische Beiträge zur religiösen Praxis auf dem Jakobsweg
| Contributors: | |
|---|---|
| Format: | Print Book |
| Language: | German |
| Subito Delivery Service: | Order now. |
| Check availability: | HBZ Gateway |
| WorldCat: | WorldCat |
| Interlibrary Loan: | Interlibrary Loan for the Fachinformationsdienste (Specialized Information Services in Germany) |
| Published: |
Berlin Münster
Lit-Verl.
2012
|
| In: |
Soziologie (77)
Year: 2012 |
| Volumes / Articles: | Show volumes/articles. |
| Series/Journal: | Soziologie
77 |
| Standardized Subjects / Keyword chains: | B
Pilgrimage
/ Religious sociology
B Camino de Santiago / Religious sociology |
| Further subjects: | B
Collection of essays
B Religious sociology B Pilgrimage B Christian pilgrims and pilgrimages (Spain) (Santiago de Compostela) |
| Online Access: |
Inhaltsbeschreibung Table of Contents |
MARC
| LEADER | 00000cam a2200000 c 4500 | ||
|---|---|---|---|
| 001 | 735171432 | ||
| 003 | DE-627 | ||
| 005 | 20260206202139.0 | ||
| 007 | tu | ||
| 008 | 130130s2012 gw ||||| 00| ||ger c | ||
| 010 | |a 2013392765 | ||
| 015 | |a 13,A05 |2 dnb | ||
| 016 | 7 | |a 1029667519 |2 DE-101 | |
| 020 | |a 9783643118899 |q kart. : EUR 19,90 (DE) | ||
| 035 | |a (DE-627)735171432 | ||
| 035 | |a (DE-603)315814950 | ||
| 035 | |a (DE-576)378409891 | ||
| 035 | |a (DE-599)DNB1029667519 | ||
| 035 | |a (OCoLC)836724833 | ||
| 035 | |a (OCoLC)826866288 | ||
| 040 | |a DE-627 |b ger |c DE-627 |e rakwb | ||
| 041 | |a ger | ||
| 044 | |c XA-DE | ||
| 050 | 0 | |a BX2321.S3 | |
| 082 | 0 | |a 263.04101 |2 22/ger | |
| 082 | 0 | 4 | |a 230 |a 300 |q DNB |
| 084 | |a 7,34 |a 0 |2 ssgn | ||
| 084 | |a 0 |2 ssgn | ||
| 084 | |a MS 6550 |q BVB |2 rvk |0 (DE-625)rvk/123761: | ||
| 084 | |a BE 2600 |2 rvk |0 (DE-625)rvk/10535: | ||
| 084 | |a MS 6750 |2 rvk |0 (DE-625)rvk/123766: | ||
| 084 | |a 11.05 |2 bkl | ||
| 084 | |a 15.66 |2 bkl | ||
| 084 | |a 71.99 |2 bkl | ||
| 090 | |a a | ||
| 245 | 0 | 0 | |a Pilgern gestern und heute |b soziologische Beiträge zur religiösen Praxis auf dem Jakobsweg |c Patrick Heiser; Christian Kurrat (Hg.) |
| 264 | 1 | |a Berlin |a Münster |b Lit-Verl. |c 2012 | |
| 300 | |a 246 S |b Ill., graph. Darst |c 21 cm | ||
| 336 | |a Text |b txt |2 rdacontent | ||
| 337 | |a ohne Hilfsmittel zu benutzen |b n |2 rdamedia | ||
| 338 | |a Band |b nc |2 rdacarrier | ||
| 490 | 1 | |a Soziologie |v 77 | |
| 500 | |a Enth. 10 Beitr | ||
| 500 | |a Literaturangaben | ||
| 583 | 1 | |a Archivierung prüfen |c 20240324 |f DE-4165 |z 2 |2 pdager | |
| 601 | |a Soziologie | ||
| 601 | |a Beitrag | ||
| 650 | 0 | |a Christian pilgrims and pilgrimages |z Spain |z Santiago de Compostela | |
| 650 | 0 | 7 | |0 (DE-588)4064460-1 |0 (DE-627)104522860 |0 (DE-576)209153628 |a Wallfahrt |2 gnd |
| 650 | 0 | 7 | |0 (DE-588)4049420-2 |0 (DE-627)106187082 |0 (DE-576)209081988 |a Religionssoziologie |2 gnd |
| 655 | 7 | |a Aufsatzsammlung |0 (DE-588)4143413-4 |0 (DE-627)105605727 |0 (DE-576)209726091 |2 gnd-content | |
| 689 | 0 | 0 | |d s |0 (DE-588)4064460-1 |0 (DE-627)104522860 |0 (DE-576)209153628 |2 gnd |a Wallfahrt |
| 689 | 0 | 1 | |d s |0 (DE-588)4049420-2 |0 (DE-627)106187082 |0 (DE-576)209081988 |2 gnd |a Religionssoziologie |
| 689 | 0 | |5 DE-101 | |
| 689 | 1 | 0 | |d g |0 (DE-588)4114067-9 |0 (DE-627)104137363 |0 (DE-576)209481641 |2 gnd |a Jakobsweg |
| 689 | 1 | 1 | |d s |0 (DE-588)4049420-2 |0 (DE-627)106187082 |0 (DE-576)209081988 |2 gnd |a Religionssoziologie |
| 689 | 1 | |5 (DE-627) | |
| 700 | 1 | |e Hrsg. |0 (DE-588)103292621X |0 (DE-627)739730851 |0 (DE-576)378409816 |4 edt |a Heiser, Patrick |d 1977- | |
| 830 | 0 | |a Soziologie |v 77 |9 77 |w (DE-627)52621922X |w (DE-576)012693081 |w (DE-600)2275967-0 |7 am | |
| 856 | 4 | 2 | |u http://d-nb.info/1029667519/04 |m B:DE-101 |q application/pdf |v 2013-05-01 |x Verlag |3 Inhaltsverzeichnis |7 1 |
| 856 | 4 | 2 | |u http://www.lit-verlag.de/isbn/3-643-11889-9 |x Verlag |y Inhaltsbeschreibung |7 1 |
| 935 | |a mteo | ||
| 935 | |i sf | ||
| 935 | |i Blocktest | ||
| 936 | r | v | |a MS 6550 |b Allgemeine Darstellungen (Kirchen, religiöses Verhalten, Geistliche) |k Soziologie |k Spezielle Soziologien |k Religionssoziologie |k Allgemeine Darstellungen (Kirchen, religiöses Verhalten, Geistliche) |0 (DE-627)1271441454 |0 (DE-625)rvk/123761: |0 (DE-576)201441454 |
| 936 | r | v | |a BE 2600 |b Sakrale Orte, Wallfahrten, Pilgern, Sakralbauten |k Theologie und Religionswissenschaften |k Religionswissenschaft |k Systematische Religionswissenschaft |k Religionsphänomenologie |k Religiöses Leben und Praktiken |k Sakrale Orte, Wallfahrten, Pilgern, Sakralbauten |0 (DE-627)1270668013 |0 (DE-625)rvk/10535: |0 (DE-576)200668013 |
| 936 | r | v | |a MS 6750 |b Beziehungen der Sphäre der Religion zu anderen Bereichen des Soziallebens |k Soziologie |k Spezielle Soziologien |k Religionssoziologie |k Beziehungen der Sphäre der Religion zu anderen Bereichen des Soziallebens |0 (DE-627)1271441500 |0 (DE-625)rvk/123766: |0 (DE-576)201441500 |
| 936 | b | k | |a 11.05 |j Religionssoziologie |0 (DE-627)106404202 |
| 936 | b | k | |a 15.66 |j Spanien |j Portugal |x Geschichte |0 (DE-627)181571447 |
| 936 | b | k | |a 71.99 |j Soziologie: Sonstiges |0 (DE-627)106423452 |
| 936 | s | n | |a b100 |2 mzub |
| 936 | s | n | |a m200 |2 mzub |
| 951 | |a BO | ||
| ACO | |a 1 | ||
| ELC | |b 1 | ||
| ORI | |a TA-MARC-ixtheob001.raw | ||
| REL | |a 1 | ||
| SPR | |a 1 |t IXT |t REL | ||
| STA | 0 | 0 | |a Camino de Santiago,Pilgrims' road,Pilgrimage road,Pilgrimage,Pilgrimage,Place of pilgrimage,Pilgrimage place,Pilgrims and pilgrimages in art,Religious sociology,Sociology of religion,Religion,Religion and sociology |
| STB | 0 | 0 | |a Chemin de Saint-Jacques,Pèlerinage,Pèlerinage,Sociologie des religions,Sociologie religieuse |
| STC | 0 | 0 | |a Camino de Santiago,Peregrinación,Peregrinación,Sociología de la religión |
| STD | 0 | 0 | |a Cammino di Santiago,Pellegrinaggio,Pellegrinaggio,Sociologia della religione |
| STE | 0 | 0 | |a 宗教社会学,朝圣,朝圣,朝圣之旅,朝圣之旅 |
| STF | 0 | 0 | |a 宗教社會學,朝聖,朝聖,朝聖之旅,朝聖之旅 |
| STG | 0 | 0 | |a Caminho de Santiago,Peregrinação,Peregrinação,Romaria (Motivo),Romaria,Sociologia da religião |
| STH | 0 | 0 | |a Паломничество (мотив),Паломничество,Путь св. Иакова,Социология религии |
| STI | 0 | 0 | |a Δρόμος του Αγίου Ιακώβου (μοτίβο),Κοινωνιολογία της θρησκείας,Προσκύνημα (μοτίβο),Προσκύνημα |
| SUB | |a REL | ||
| SYE | 0 | 0 | |a Pilgerfahrt,Pilgerfahrt,Pilgerreise,Wallfahrtsort,Wallfahrten,Pilgerfahrt,Pilgerreise,Wallfahrtsort,Wallfahrten , Religion |
| SYG | 0 | 0 | |a Pilgerfahrt,Pilgerfahrt,Pilgerreise,Wallfahrtsort,Wallfahrten,Pilgerfahrt,Pilgerreise,Wallfahrtsort,Wallfahrten , Religion , Chemin de Saint Jacques,Camino de Santiago,Jakobusweg,Sternenweg , Religion |



